00433nam a2200157Ia 450000500170000000800460001702000220006303700120008504000200009704100130011708400210013024500380015126000630018930000100025236500130026220250508165901.0008 250505s9999 xx 000 0 eng d a978-0-13-423546-2 aTextual aFEDLbengcFEDL aeng2eng a363.7, CENqFEDL 0aState of India's environment 2017 aNew Delhi, IndiabCentre for Science and Environmentc2017 a226p. aINRb350